Click on the Fish (Sudden Death) - Statistics

General Stats
  • This quiz has been taken 4,455 times
    776 since last reset
  • The average score is 5 of 11
Answers on the Grid
Answers color-coded by a green-red scale on the quiz's grid according to % correct below.
Axolotl
Catfish
Clownfish
Crayfish
Cuttlefish
Eel
Guppy
Jellyfish
Lamprey
Lionfish
Lungfish
Manatee
Manta ray
Octopus
Orca
Penguin
Platypus
Porpoise
Sea cucumber
Sea snake
Sea turtle
Sea urchin
Seahorse
Shellfish
Silverfish
Starfish
Stonefish
Whale shark
 
Answer Stats
Answer % Correct
Catfish
84%
Clownfish
81%
Guppy
55%
Eel
51%
Lionfish
50%
Lungfish
40%
Lamprey
38%
Manta ray
36%
Stonefish
34%
Whale shark
33%
Seahorse
31%
No matching quizzes found
Score Distribution
Percent of People with Each Score
Percentile by Number Answered
Your Score History
You have not taken this quiz since the last reset